[Event "Titled Tuesday intern op 23rd Mar"]
[Site "Chess.com INT"]
[Date "2021.03.23"]
[Round "10"]
[White "De Souza Sa, Apolo"]
[Black "Nemkova, Ljubov"]
[Result "1-0"]
[WhiteElo "1920"]
[BlackElo "2172"]
[PlyCount "37"]
[EventDate "2021.03.23"]
[EventType "swiss (blitz)"]
[EventRounds "11"]
[EventCountry "USA"]
[SourceTitle "CBM 201 Extra"]
[Source "ChessBase"]
[SourceDate "2021.05.31"]
[SourceVersion "1"]
[SourceVersionDate "2021.05.31"]
[SourceQuality "1"]

1. d4 g6 2. c4 Bg7 3. f3 c5 4. d5 e5 5. e4 d6 6. Nc3 f5 7. exf5 Bxf5 8. Bd3 Ne7 9. Be4 Nd7 10. Nge2 Nf6 11. Ng3 Bxe4 12. Ncxe4 0-0 13. 0-0 Nf5 14. Bg5 Qb6 15. Bxf6 Bxf6 16. Qb3 Ne3 17. Qxe3 Qxb2 18. Rfb1 Qc2 19. Qb3 1-0

[Event "Titled Tuesday intern op 19th Jan"]
[Site "Chess.com INT"]
[Date "2021.01.19"]
[Round "7"]
[White "Carroll, Thomas"]
[Black "Nemkova, Ljubov"]
[Result "0-1"]
[WhiteElo "2033"]
[BlackElo "2172"]
[PlyCount "112"]
[EventDate "2021.01.19"]
[EventType "swiss (blitz)"]
[EventRounds "11"]
[EventCountry "USA"]
[SourceTitle "CBM 200 Extra"]
[Source "ChessBase"]
[SourceDate "2021.03.31"]
[SourceVersion "1"]
[SourceVersionDate "2021.03.31"]
[SourceQuality "1"]

1. d4 g6 2. e4 Bg7 3. c3 c5 4. Nf3 cxd4 5. cxd4 Qb6 6. Nc3 Nc6 7. d5 Nb8 8. Bc4 Qb4 9. Qd3 d6 10. Bd2 Nd7 11. 0-0 Ngf6 12. Rfc1 0-0 13. Nb5 Qc5 14. Be3 Qb4 15. Nc7 b5 16. Nxa8 bxc4 17. Rxc4 Qxb2 18. Rb1 Qxa2 19. Nc7 Ng4 20. Qc2 Qxc2 21. Rxc2 Nxe3 22. fxe3 Nc5 23. Nd4 Nxe4 24. Nc6 Bf6 25. Rc4 Nd2 26. Rcc1 Nxb1 27. Rxb1 Bf5 28. Rb7 Be4 29. Nxa7 h5 30. Nab5 Rc8 31. Ra7 Bg5 32. Kf2 Bh4+ 33. g3 Bg5 34. Ra4 Bc2 35. Rc4 Bd3 36. Rb4 Bxb5 37. Nxb5 Rc2+ 38. Kf3 Rxh2 39. Nd4 Bf6 40. Ne2 Be5 41. Nf4 Rh1 42. Rb7 Kf8 43. Rb8+ Kg7 44. Re8 Kf6 45. Rh8 Rf1+ 46. Ke4 Rg1 47. Rh6 Rxg3 48. Nxh5+ Kg5 49. Nxg3 Kxh6 50. Nf1 f5+ 51. Kf3 g5 52. Nd2 g4+ 53. Kg2 Kg5 54. Nc4 Bc3 55. Nb6 Bb4 56. Kf2 Kf6 0-1

[Event "Titled Tuesday intern op 20th Oct"]
[Site "Chess.com INT"]
[Date "2020.10.20"]
[Round "1"]
[White "Nemkova, Ljubov"]
[Black "Erzhanov, Arman"]
[Result "0-1"]
[WhiteElo "2172"]
[BlackElo "2229"]
[PlyCount "62"]
[EventDate "2020.10.20"]
[EventType "swiss (blitz)"]
[EventRounds "11"]
[EventCountry "USA"]
[SourceTitle "EXT 2022"]
[Source "ChessBase"]
[SourceDate "2021.10.06"]
[SourceVersion "1"]
[SourceVersionDate "2021.10.06"]
[SourceQuality "1"]

1. d4 d6 2. Nf3 g6 3. Bg5 Bg7 4. e4 h6 5. Bh4 Nd7 6. c3 Ngf6 7. Nbd2 g5 8. Bg3 Nh5 9. Bc4 c5 10. dxc5 Nxc5 11. Qc2 0-0 12. 0-0-0 a6 13. h4 g4 14. Nd4 Nxg3 15. fxg3 e6 16. Be2 h5 17. Rhf1 b5 18. N2b3 Qc7 19. Nxc5 dxc5 20. Nb3 Qxg3 21. Kb1 Qe5 22. Qd2 Bb7 23. Ka1 Bxe4 24. Qe3 Bxg2 25. Qxe5 Bxe5 26. Rg1 Bd5 27. Nxc5 Rfc8 28. Nd3 Bh2 29. Rgf1 Rd8 30. Nf4 Bxf4 31. Rxf4 Bc4 0-1

[Event "Titled Tuesday intern op 9th June"]
[Site "Chess.com INT"]
[Date "2020.06.09"]
[Round "4"]
[White "Nemkova, Ljubov"]
[Black "Perelygin, Igor"]
[Result "0-1"]
[WhiteElo "2172"]
[BlackElo "2303"]
[PlyCount "54"]
[EventDate "2020.06.09"]
[EventType "swiss (blitz)"]
[EventRounds "10"]
[EventCountry "USA"]
[SourceTitle "CBM 196 Extra"]
[Source "ChessBase"]
[SourceDate "2020.07.31"]
[SourceVersion "1"]
[SourceVersionDate "2020.07.31"]
[SourceQuality "1"]

1. d4 Nf6 2. c4 e6 3. Nf3 c5 4. Nc3 cxd4 5. Nxd4 a6 6. e3 Qc7 7. b3 Bb4 8. Bb2 d5 9. Rc1 dxc4 10. Bxc4 0-0 11. Bd3 Nc6 12. 0-0 e5 13. Nf5 Bxf5 14. Bxf5 Rad8 15. Qf3 Qe7 16. Qh3 g6 17. Bb1 Rd2 18. Ba1 Rfd8 19. Qh4 Qe6 20. h3 Ba3 21. Rce1 Be7 22. Qa4 Nb4 23. Ne4 Nxe4 24. Bxe4 Nc2 25. Bxc2 Rxc2 26. Qa5 Rc5 27. Qb6 Qxb6 0-1

[Event "Titled Tuesday intern op 26th May"]
[Site "Chess.com INT"]
[Date "2020.05.26"]
[Round "2"]
[White "Mostbauer, Maximilian"]
[Black "Nemkova, Ljubov"]
[Result "1-0"]
[WhiteElo "2217"]
[BlackElo "2172"]
[PlyCount "55"]
[EventDate "2020.05.26"]
[EventType "swiss (blitz)"]
[EventRounds "10"]
[EventCountry "USA"]
[SourceTitle "CBM 196 Extra"]
[Source "ChessBase"]
[SourceDate "2020.07.31"]
[SourceVersion "1"]
[SourceVersionDate "2020.07.31"]
[SourceQuality "1"]

1. d4 g6 2. Nf3 Bg7 3. g3 c5 4. Bg2 Nc6 5. e3 cxd4 6. Nxd4 Qb6 7. Nxc6 dxc6 8. 0-0 Bxb2 9. Bxb2 Qxb2 10. Nd2 Nf6 11. a4 0-0 12. Nc4 Qc3 13. Qd3 Qb4 14. Rfb1 Qc5 15. Qd4 Qh5 16. Qe5 Be6 17. Qxh5 Nxh5 18. Na5 b6 19. Nxc6 Rae8 20. Nxa7 Bf5 21. e4 Be6 22. Rxb6 Ra8 23. Nc6 Rfe8 24. e5 Rac8 25. a5 Ng7 26. a6 Nf5 27. a7 Kf8 28. Nb8 1-0

[Event "Titled Tuesday intern op 12th May"]
[Site "Chess.com INT"]
[Date "2020.05.12"]
[Round "3"]
[White "Nemkova, Ljubov"]
[Black "Miroshnik, Ekaterina"]
[Result "1-0"]
[WhiteElo "2172"]
[BlackElo "2139"]
[PlyCount "59"]
[EventDate "2020.05.12"]
[EventType "swiss (blitz)"]
[EventRounds "10"]
[EventCountry "USA"]
[SourceTitle "EXT 2021"]
[Source "ChessBase"]
[SourceDate "2020.10.23"]
[SourceVersion "1"]
[SourceVersionDate "2020.10.23"]
[SourceQuality "1"]

1. d4 e6 2. Nf3 d5 3. c4 Nf6 4. Nc3 Be7 5. e3 0-0 6. Qc2 b6 7. cxd5 exd5 8. g3 c5 9. Bg2 Nc6 10. 0-0 Be6 11. Rd1 c4 12. Qa4 Qc8 13. Ne5 Nd8 14. e4 dxe4 15. Nxe4 Nxe4 16. Bxe4 Rb8 17. Qxa7 Bf6 18. Bf4 g5 19. Be3 b5 20. f4 gxf4 21. Bxf4 Kh8 22. Qa3 Nb7 23. Qf3 Nd6 24. Bc2 Bg7 25. Nc6 Qc7 26. Nxb8 Rxb8 27. Qh5 f5 28. d5 Bf7 29. Bxd6 Bxh5 30. Bxc7 1-0

[Event "Titled Tuesday intern op 12th May"]
[Site "Chess.com INT"]
[Date "2020.05.12"]
[Round "1"]
[White "Nemkova, Ljubov"]
[Black "Rorrer, Grayson"]
[Result "0-1"]
[WhiteElo "2172"]
[BlackElo "2117"]
[PlyCount "86"]
[EventDate "2020.05.12"]
[EventType "swiss (blitz)"]
[EventRounds "10"]
[EventCountry "USA"]
[SourceTitle "EXT 2021"]
[Source "ChessBase"]
[SourceDate "2020.10.23"]
[SourceVersion "1"]
[SourceVersionDate "2020.10.23"]
[SourceQuality "1"]

1. d4 Nf6 2. Nf3 e6 3. c4 b6 4. Nc3 Bb4 5. Qc2 Bb7 6. g3 c5 7. dxc5 bxc5 8. Bg2 0-0 9. 0-0 Qe7 10. Qb3 Nc6 11. Bd2 Rfd8 12. a3 Ba5 13. Nb5 a6 14. Nc7 Rab8 15. Bxa5 Nxa5 16. Qa4 Nc6 17. b4 cxb4 18. Nd2 d5 19. cxd5 exd5 20. Nxa6 Ra8 21. Qb5 Rxa6 22. Nb3 Na7 23. Qd3 Rxa3 24. Rab1 Ba6 25. Qd4 Nb5 26. Qb6 Nc3 27. Rb2 Nxe2+ 28. Kh1 Nc3 29. Nc5 Bxf1 30. Bxf1 Na4 31. Nxa4 Rxa4 32. Bb5 Ra1+ 33. Kg2 Qe4+ 34. f3 Qe7 35. Qd4 Raa8 36. Bc6 Qa7 37. Qf4 Rac8 38. Bb5 Qc7 39. Qd4 Qc3 40. Qxb4 Qxb4 41. Rxb4 d4 42. Rb2 d3 43. Bxd3 Rxd3 0-1

[Event "Titled Tuesday intern op 5th May"]
[Site "Chess.com INT"]
[Date "2020.05.05"]
[Round "2"]
[White "Nemkova, Ljubov"]
[Black "Gvetadze, Sofio"]
[Result "0-1"]
[WhiteElo "2172"]
[BlackElo "2308"]
[PlyCount "68"]
[EventDate "2020.05.05"]
[EventType "swiss (blitz)"]
[EventRounds "10"]
[EventCountry "USA"]
[SourceTitle "EXT 2021"]
[Source "ChessBase"]
[SourceDate "2020.10.23"]
[SourceVersion "1"]
[SourceVersionDate "2020.10.23"]
[SourceQuality "1"]

1. d4 Nf6 2. Nf3 g6 3. Bg5 Bg7 4. Nbd2 0-0 5. e4 d6 6. Bc4 Nbd7 7. c3 e5 8. 0-0 c6 9. a4 Re8 10. Re1 Qc7 11. a5 a6 12. Qb3 Nf8 13. dxe5 dxe5 14. Qc2 Be6 15. Bf1 h6 16. Be3 N8d7 17. h3 Nh5 18. Nc4 Nf4 19. Bb6 Qb8 20. Rad1 Bxc4 21. Bxc4 Nxb6 22. axb6 Qc8 23. Qb3 Rf8 24. Rd6 Qe8 25. Red1 Kh8 26. Kh2 f5 27. g3 fxe4 28. Nh4 Qe7 29. Rd7 Qg5 30. Rxg7 Kxg7 31. Rd7+ Kh8 32. Qd1 Nd3 33. Qg4 Rxf2+ 34. Kg1 Qc1+ 0-1

[Event "Titled Tuesday intern op 28th Apr"]
[Site "Chess.com INT"]
[Date "2020.04.28"]
[Round "2"]
[White "Martel, Etienne"]
[Black "Nemkova, Ljubov"]
[Result "1-0"]
[WhiteElo "2403"]
[BlackElo "2172"]
[PlyCount "69"]
[EventDate "2020.04.28"]
[EventType "swiss (blitz)"]
[EventRounds "10"]
[EventCountry "USA"]
[SourceTitle "EXT 2021"]
[Source "ChessBase"]
[SourceDate "2020.10.23"]
[SourceVersion "1"]
[SourceVersionDate "2020.10.23"]
[SourceQuality "1"]

1. d4 g6 2. e4 Bg7 3. c4 c5 4. Ne2 Nc6 5. Be3 Qb6 6. Nbc3 Nxd4 7. Nd5 Qa5+ 8. b4 Qd8 9. Nxd4 cxd4 10. Bxd4 e5 11. Be3 d6 12. Be2 Nf6 13. Bg5 h6 14. Bxf6 Bxf6 15. Bg4 0-0 16. 0-0 Bg7 17. Bxc8 Rxc8 18. Qd3 Qh4 19. Rac1 Kh8 20. Ne3 b6 21. Rfd1 Rcd8 22. g3 Qh5 23. Kg2 f5 24. f3 fxe4 25. Qxe4 Rf7 26. Rd3 Rdf8 27. Ng4 Qg5 28. Rcd1 h5 29. h4 Qf5 30. Nf2 Qxe4 31. Nxe4 Bh6 32. Nxd6 Rf6 33. Ne4 Rc6 34. c5 bxc5 35. bxc5 1-0

[Event "Titled Tuesday intern op 28th Apr"]
[Site "Chess.com INT"]
[Date "2020.04.28"]
[Round "1"]
[White "Nemkova, Ljubov"]
[Black "Haring, Filip"]
[Result "0-1"]
[WhiteElo "2172"]
[BlackElo "2306"]
[PlyCount "74"]
[EventDate "2020.04.28"]
[EventType "swiss (blitz)"]
[EventRounds "10"]
[EventCountry "USA"]
[SourceTitle "EXT 2021"]
[Source "ChessBase"]
[SourceDate "2020.10.23"]
[SourceVersion "1"]
[SourceVersionDate "2020.10.23"]
[SourceQuality "1"]

1. d4 Nf6 2. Nf3 e6 3. c4 Bb4+ 4. Nbd2 0-0 5. Qc2 d5 6. g3 dxc4 7. Qxc4 Be7 8. Bg2 Nbd7 9. 0-0 c5 10. e3 cxd4 11. Nxd4 Ne5 12. Qb3 Qb6 13. N2f3 Nxf3+ 14. Bxf3 e5 15. Ne2 e4 16. Bg2 Be6 17. Qa4 Rac8 18. Nd4 Bc4 19. Re1 Bd3 20. a3 Rc4 21. b4 Rfc8 22. Bb2 Ng4 23. h3 Ne5 24. Nf5 Qe6 25. g4 Bf6 26. Rac1 Bc2 27. Qa5 Nf3+ 28. Bxf3 Bxb2 29. Rxc2 Rxc2 30. Bg2 Rc1 31. Rxc1 Rxc1+ 32. Kh2 Be5+ 33. Ng3 Rc8 34. Qxa7 b6 35. Qb7 Re8 36. Bxe4 Bxg3+ 37. fxg3 Qxe4 0-1

[Event "Titled Tuesday intern op 14th April"]
[Site "Chess.com INT"]
[Date "2020.04.14"]
[Round "3"]
[White "Golubev, Mikhail"]
[Black "Nemkova, Ljubov"]
[Result "1-0"]
[WhiteElo "2461"]
[BlackElo "2172"]
[PlyCount "59"]
[EventDate "2020.04.14"]
[EventType "swiss (blitz)"]
[EventRounds "10"]
[EventCountry "USA"]
[SourceTitle "EXT 2021"]
[Source "ChessBase"]
[SourceDate "2020.10.23"]
[SourceVersion "1"]
[SourceVersionDate "2020.10.23"]
[SourceQuality "1"]

1. e4 g6 2. d4 Bg7 3. c3 c5 4. dxc5 Nc6 5. Nf3 Qa5 6. Be3 Nf6 7. Nbd2 Ng4 8. Bd4 e5 9. Nc4 Qc7 10. Nd6+ Kf8 11. Be3 Nxe3 12. fxe3 a5 13. Bc4 Nd8 14. b4 h6 15. 0-0 b6 16. Nh4 Kg8 17. Nxf7 Kh7 18. Qg4 d5 19. Qxg6+ Kg8 20. Bxd5 Be6 21. Bxe6 Nxe6 22. Qxe6 Qxf7 23. Qxf7+ Kh7 24. Qg6+ Kg8 25. Qf7+ Kh7 26. Qf5+ Kg8 27. Ng6 Re8 28. Qf7+ Kh7 29. Qf5 Kg8 30. Rad1 1-0

[Event "Titled Tuesday intern op 14th April"]
[Site "Chess.com INT"]
[Date "2020.04.14"]
[Round "4"]
[White "Havas, Ladislav"]
[Black "Nemkova, Ljubov"]
[Result "1-0"]
[WhiteElo "2225"]
[BlackElo "2172"]
[PlyCount "67"]
[EventDate "2020.04.14"]
[EventType "swiss (blitz)"]
[EventRounds "10"]
[EventCountry "USA"]
[SourceTitle "EXT 2021"]
[Source "ChessBase"]
[SourceDate "2020.10.23"]
[SourceVersion "1"]
[SourceVersionDate "2020.10.23"]
[SourceQuality "1"]

1. d4 g6 2. Nc3 Bg7 3. Bf4 c5 4. e3 cxd4 5. exd4 Nc6 6. Nf3 Qb6 7. Nb5 d6 8. d5 Nb8 9. Be3 Qa5+ 10. c3 a6 11. b4 Qd8 12. Nbd4 Nf6 13. Bc4 Qc7 14. Qd3 b5 15. Bb3 0-0 16. 0-0 Nbd7 17. Nc6 Re8 18. a4 Bb7 19. axb5 axb5 20. Qxb5 Ng4 21. Rxa8 Bxa8 22. Bd4 Nde5 23. Nfxe5 dxe5 24. Bb6 Qd7 25. c4 e4 26. h3 Nh6 27. Bc5 Nf5 28. Nxe7+ Rxe7 29. Bxe7 Qxb5 30. cxb5 Nxe7 31. d6 Nf5 32. d7 Bf6 33. Rc1 Kg7 34. Rc8 1-0

[Event "Titled Tuesday intern op 14th April"]
[Site "Chess.com INT"]
[Date "2020.04.14"]
[Round "2"]
[White "Nemkova, Ljubov"]
[Black "Belozerov, Andrei"]
[Result "0-1"]
[WhiteElo "2172"]
[BlackElo "2493"]
[PlyCount "58"]
[EventDate "2020.04.14"]
[EventType "swiss (blitz)"]
[EventRounds "10"]
[EventCountry "USA"]
[SourceTitle "EXT 2021"]
[Source "ChessBase"]
[SourceDate "2020.10.23"]
[SourceVersion "1"]
[SourceVersionDate "2020.10.23"]
[SourceQuality "1"]

1. d4 d5 2. Nf3 Nf6 3. c4 c6 4. Nc3 dxc4 5. a4 Bf5 6. e3 e6 7. Bxc4 Bb4 8. 0-0 Nbd7 9. Qb3 a5 10. h3 0-0 11. Rd1 h6 12. Bd2 Qe7 13. Ne5 Nxe5 14. dxe5 Nd7 15. f4 Nc5 16. Qa2 Rfd8 17. Be1 Bc2 18. Rdc1 Bd3 19. Rd1 Rd7 20. Bxd3 Nxd3 21. Qb3 Rad8 22. Bg3 Qc5 23. Bf2 Nxf2 24. Kxf2 Rd2+ 25. Kf3 R8d3 26. Re1 Bxc3 27. bxc3 Rxc3 28. Qb1 Qd5+ 29. Qe4 Rf2+ 0-1

[Event "Titled Tuesday intern op 14th April"]
[Site "Chess.com INT"]
[Date "2020.04.14"]
[Round "8"]
[White "Nemkova, Ljubov"]
[Black "Marn, Jan"]
[Result "0-1"]
[WhiteElo "2172"]
[BlackElo "2360"]
[PlyCount "88"]
[EventDate "2020.04.14"]
[EventType "swiss (blitz)"]
[EventRounds "10"]
[EventCountry "USA"]
[SourceTitle "EXT 2021"]
[Source "ChessBase"]
[SourceDate "2020.10.23"]
[SourceVersion "1"]
[SourceVersionDate "2020.10.23"]
[SourceQuality "1"]

1. d4 d5 2. Nf3 Nf6 3. c4 e6 4. Nc3 c6 5. e3 Nbd7 6. cxd5 exd5 7. Bd3 Be7 8. 0-0 0-0 9. Ne5 Nxe5 10. dxe5 Nd7 11. f4 Nc5 12. Bc2 f5 13. exf6 Bxf6 14. Qh5 g6 15. Qf3 Bf5 16. Bxf5 gxf5 17. Qh5 Bxc3 18. bxc3 Ne4 19. c4 dxc4 20. Ba3 c5 21. Rad1 Qf6 22. Rd7 Rf7 23. Rfd1 Rxd7 24. Rxd7 Qa1+ 25. Rd1 Qc3 26. Bc1 Qc2 27. Rf1 Rf8 28. h3 Qd3 29. Qh4 Rf7 30. Re1 c3 31. Kh2 Rg7 32. Qh5 Qd7 33. Rd1 Qe7 34. Qxf5 h5 35. Qxh5 Ng3 36. Qf3 Nf5 37. Rd3 Nh4 38. Qd5+ Kf8 39. Qh5 Rxg2+ 40. Kh1 Rg8 41. Qh6+ Ke8 42. Qh5+ Kf8 43. Rd5 Qe4+ 44. Kh2 Qg2# 0-1

[Event "Titled Tuesday intern op 14th April"]
[Site "Chess.com INT"]
[Date "2020.04.14"]
[Round "6"]
[White "Nemkova, Ljubov"]
[Black "Piotrowski, Przemyslaw"]
[Result "0-1"]
[WhiteElo "2172"]
[BlackElo "2274"]
[PlyCount "88"]
[EventDate "2020.04.14"]
[EventType "swiss (blitz)"]
[EventRounds "10"]
[EventCountry "USA"]
[SourceTitle "EXT 2021"]
[Source "ChessBase"]
[SourceDate "2020.10.23"]
[SourceVersion "1"]
[SourceVersionDate "2020.10.23"]
[SourceQuality "1"]

1. d4 c5 2. dxc5 e6 3. Nf3 Bxc5 4. c3 d5 5. Qc2 Nf6 6. e3 Nc6 7. Nbd2 0-0 8. Bd3 Bd7 9. 0-0 Rc8 10. a3 e5 11. e4 d4 12. Nb3 b6 13. cxd4 Nxd4 14. Nfxd4 Bxd4 15. Qd2 Ba4 16. Nxd4 Qxd4 17. Ba6 Qxd2 18. Bxd2 Nxe4 19. Bb4 Rcd8 20. Bxf8 Kxf8 21. Rfe1 Nc5 22. Bc4 f6 23. b4 Nb7 24. Rac1 Nd6 25. Bf1 Rd7 26. f3 Ke7 27. f4 e4 28. g4 h5 29. h3 g6 30. f5 gxf5 31. gxf5 Kf7 32. Bg2 Re7 33. Re3 Bb5 34. Kf2 Bd3 35. Rc6 Nxf5 36. Re1 Bb5 37. Rc3 e3+ 38. Kg1 e2 39. Bd5+ Kg7 40. Bc4 Rc7 41. Bxb5 Rxc3 42. Rxe2 Rxh3 43. Kf2 Rxa3 44. Re3 Rxe3 0-1

[Event "Donetsk Amitan Memorial IM 4th"]
[Site "Donetsk"]
[Date "2011.12.13"]
[Round "8"]
[White "Nemkova, Ljubov"]
[Black "Sysoenko, Aleksey"]
[Result "0-1"]
[WhiteElo "2182"]
[BlackElo "2244"]
[PlyCount "56"]
[EventDate "2011.12.08"]
[EventType "tourn"]
[EventRounds "9"]
[EventCountry "UKR"]
[EventCategory "2"]
[SourceTitle "CBM 145 Extra"]
[Source "ChessBase"]
[SourceDate "2012.01.03"]
[SourceVersion "1"]
[SourceVersionDate "2012.01.03"]
[SourceQuality "1"]

1. d4 Nf6 2. Nf3 b6 3. g3 Bb7 4. Bg2 c5 5. c3 g6 6. 0-0 Bg7 7. Qb3 Bd5 8. c4 Bc6 9. d5 Bb7 10. Nc3 0-0 11. e4 d6 12. Re1 e5 13. dxe6 fxe6 14. Ng5 Qe7 15. e5 Ng4 16. exd6 Rxf2 17. Nce4 Qf8 18. Bf4 Rxb2 19. Nxe6 Rxb3 20. Nxf8 Bd4+ 21. Kh1 Rb2 22. Be3 Bxe3 23. Rxe3 Rxg2 24. Ree1 Rxh2+ 25. Kg1 Kxf8 26. Rf1+ Kg7 27. Rf4 Bxe4 28. Rxe4 Rh1+ 0-1

[Event "Donetsk Amitan Memorial IM 4th"]
[Site "Donetsk"]
[Date "2011.12.12"]
[Round "7"]
[White "Shilin, Denis"]
[Black "Nemkova, Ljubov"]
[Result "1-0"]
[WhiteElo "2332"]
[BlackElo "2182"]
[PlyCount "99"]
[EventDate "2011.12.08"]
[EventType "tourn"]
[EventRounds "9"]
[EventCountry "UKR"]
[EventCategory "2"]
[SourceTitle "CBM 145 Extra"]
[Source "ChessBase"]
[SourceDate "2012.01.03"]
[SourceVersion "1"]
[SourceVersionDate "2012.01.03"]
[SourceQuality "1"]

1. e4 e5 2. Nf3 Nc6 3. d4 exd4 4. Bc4 Nf6 5. e5 Ne4 6. 0-0 Be7 7. Bd5 Nc5 8. Nxd4 Nxe5 9. Nf5 0-0 10. f4 Nc6 11. Qg4 g6 12. Nh6+ Kg7 13. f5 d6 14. Bxc6 bxc6 15. Nc3 Bf6 16. Qh3 Re8 17. Nxf7 Bd4+ 18. Kh1 Bxf5 19. g4 Qe7 20. Bh6+ Kg8 21. gxf5 Kxf7 22. fxg6+ Kg8 23. g7 Ne6 24. Rae1 Bxg7 25. Rg1 Qf6 26. Rxe6 Qxe6 27. Rxg7+ Kh8 28. Rg4 Re7 29. Kg2 d5 30. Bg5 Rg7 31. Rg3 Qf7 32. Qg4 Rf8 33. Qe2 d4 34. Ne4 Re8 35. Qg4 Rg6 36. Qf3 Qe6 37. Nf2 c5 38. b3 c6 39. Bh4 a5 40. Rxg6 Qxg6+ 41. Bg3 h5 42. Qf4 Re2 43. Kf1 Rxc2 44. Qf8+ Kh7 45. Be5 Rc1+ 46. Ke2 Rc2+ 47. Kd1 Rc1+ 48. Kxc1 Qg5+ 49. Qf4 Qg1+ 50. Kb2 1-0

[Event "RUS-ch (Women) 1st League 61st"]
[Site "Ivanovo"]
[Date "2011.02.26"]
[Round "6"]
[White "Nemkova, Ljubov"]
[Black "Galimzianova, Aliya"]
[Result "1-0"]
[WhiteElo "2155"]
[BlackElo "1929"]
[PlyCount "67"]
[EventDate "2011.02.21"]
[EventType "swiss"]
[EventRounds "9"]
[EventCountry "RUS"]
[SourceTitle "CBM 141 Extra"]
[Source "ChessBase"]
[SourceDate "2011.05.03"]
[SourceVersion "1"]
[SourceVersionDate "2011.05.03"]
[SourceQuality "1"]

1. d4 Nf6 2. c4 g6 3. Nc3 Bg7 4. e4 d6 5. f3 0-0 6. Be3 e5 7. d5 c6 8. Qd2 cxd5 9. cxd5 a6 10. Nge2 Nbd7 11. g4 b5 12. Ng3 Nb6 13. h4 Bd7 14. h5 Rc8 15. Bh6 b4 16. Nd1 Bxh6 17. Qxh6 Bxg4 18. hxg6 fxg6 19. fxg4 Qc7 20. Be2 Nc4 21. Rc1 b3 22. Bxc4 bxa2 23. Qd2 a1Q 24. Rxa1 Qxc4 25. Ne3 Qd4 26. g5 Nxe4 27. Qxd4 exd4 28. Nxe4 dxe3 29. Nf6+ Rxf6 30. gxf6 Rc5 31. Ke2 Rxd5 32. Rxa6 Rd2+ 33. Kxe3 Rxb2 34. Rxd6 1-0

[Event "RUS-ch (Women) 1st League 61st"]
[Site "Ivanovo"]
[Date "2011.02.24"]
[Round "4"]
[White "Nemkova, Ljubov"]
[Black "Trapeznikova, Darya"]
[Result "0-1"]
[WhiteElo "2155"]
[BlackElo "1991"]
[PlyCount "50"]
[EventDate "2011.02.21"]
[EventType "swiss"]
[EventRounds "9"]
[EventCountry "RUS"]
[SourceTitle "CBM 141 Extra"]
[Source "ChessBase"]
[SourceDate "2011.05.03"]
[SourceVersion "1"]
[SourceVersionDate "2011.05.03"]
[SourceQuality "1"]

1. d4 d5 2. c4 c6 3. Nf3 Nf6 4. e3 e6 5. Nc3 Nbd7 6. cxd5 exd5 7. Bd3 Bd6 8. 0-0 0-0 9. h3 Re8 10. Qc2 Qe7 11. Nd2 c5 12. e4 cxd4 13. Nxd5 Nxd5 14. exd5 Qe5 15. Nf3 Qxd5 16. Bxh7+ Kh8 17. Ng5 Nc5 18. Bg6 Be6 19. Bxf7 d3 20. Bxe6 Rxe6 21. Qd1 Re2 22. b4 Ne4 23. Nf7+ Qxf7 24. Qxd3 Rxf2 25. Re1 Rxg2+ 0-1

[Event "RUS-ch (Women) 1st League 61st"]
[Site "Ivanovo"]
[Date "2011.02.23"]
[Round "3"]
[White "Belova, Olga"]
[Black "Nemkova, Ljubov"]
[Result "1-0"]
[WhiteElo "1948"]
[BlackElo "2155"]
[PlyCount "41"]
[EventDate "2011.02.21"]
[EventType "swiss"]
[EventRounds "9"]
[EventCountry "RUS"]
[SourceTitle "CBM 141 Extra"]
[Source "ChessBase"]
[SourceDate "2011.05.03"]
[SourceVersion "1"]
[SourceVersionDate "2011.05.03"]
[SourceQuality "1"]

1. e4 d6 2. d4 Nf6 3. Nc3 g6 4. Be3 Bg7 5. Qd2 c6 6. f3 b5 7. g4 Qa5 8. h4 h5 9. g5 Nfd7 10. Bg2 Nb6 11. b3 Bb7 12. Nge2 c5 13. Nd1 b4 14. Nb2 Qb5 15. Rb1 a5 16. c4 bxc3 17. Nxc3 Qc6 18. d5 Qc7 19. Nc4 N8d7 20. Nb5 Qc8 21. Ncxd6+ 1-0

[Event "Volgograd Christmas op"]
[Site "Volgograd"]
[Date "2010.01.10"]
[Round "9"]
[White "Yurchenko, Yuri"]
[Black "Nemkova, Ljubov"]
[Result "1/2-1/2"]
[WhiteElo "2191"]
[BlackElo "2173"]
[PlyCount "34"]
[EventDate "2010.01.03"]
[EventType "swiss"]
[EventRounds "9"]
[EventCountry "RUS"]
[SourceTitle "CBM 134 Extra"]
[Source "ChessBase"]
[SourceDate "2010.03.03"]
[SourceVersion "1"]
[SourceVersionDate "2010.03.03"]
[SourceQuality "1"]

1. d4 d5 2. Nf3 c6 3. Bf4 Nf6 4. e3 e6 5. Bd3 Bd6 6. 0-0 0-0 7. Re1 Ne4 8. Nbd2 Bxf4 9. exf4 f5 10. Ne5 Qh4 11. g3 Qf6 12. Ndf3 Nd7 13. Kg2 a6 14. h4 c5 15. c3 c4 16. Bc2 Nxe5 17. Nxe5 b5 1/2-1/2

[Event "Volgograd Christmas op"]
[Site "Volgograd"]
[Date "2010.01.08"]
[Round "6"]
[White "Nemkova, Ljubov"]
[Black "Usachev, Oleg"]
[Result "0-1"]
[WhiteElo "2173"]
[BlackElo "2128"]
[PlyCount "132"]
[EventDate "2010.01.03"]
[EventType "swiss"]
[EventRounds "9"]
[EventCountry "RUS"]
[SourceTitle "CBM 134 Extra"]
[Source "ChessBase"]
[SourceDate "2010.03.03"]
[SourceVersion "1"]
[SourceVersionDate "2010.03.03"]
[SourceQuality "1"]

1. e4 e5 2. Nf3 Nc6 3. Bb5 a6 4. Ba4 Nf6 5. 0-0 Bc5 6. Re1 0-0 7. c3 b5 8. Bc2 d6 9. d4 exd4 10. cxd4 Ba7 11. d5 Ne5 12. Nxe5 dxe5 13. Nc3 Ne8 14. a4 b4 15. Ne2 Nd6 16. Ng3 Qf6 17. Qe2 Bg4 18. Qd2 h5 19. h3 Bd7 20. Rf1 h4 21. Ne2 Qg6 22. Kh2 f5 23. exf5 Bxf5 24. Bxf5 Rxf5 25. Qc2 Kh7 26. f3 Bb6 27. Bd2 a5 28. Rae1 Raf8 29. Qb1 e4 30. f4 e3 31. Bc1 Qh5 32. Rf3 Re8 33. Ng1 Kh8 34. Bxe3 Rxd5 35. Bxb6 Rxe1 36. Qxe1 cxb6 37. Re3 Nf5 38. Re8+ Kh7 39. Qe4 Rc5 40. Re7 Qd1 41. Nf3 Qd5 42. Qxd5 Rxd5 43. Re6 Rd6 44. Rxd6 Nxd6 45. Ne5 Kg8 46. Kg1 Kf8 47. Kf2 Ke7 48. Ke3 Ke6 49. Kd4 Nf5+ 50. Kc4 Ne3+ 51. Kb5 Nxg2 52. Kxb6 Nxf4 53. Nd3 Nxh3 54. Kxa5 g5 55. Kxb4 g4 56. a5 g3 57. a6 g2 58. a7 g1Q 59. a8Q Qd4+ 60. Ka5 Qxd3 61. Qc8+ Ke5 62. Qc5+ Qd5 63. Qxd5+ Kxd5 64. b4 Nf4 65. b5 Ne6 66. b6 Nc5 0-1